期刊信息 |
| 索取号 |
G4/GSJY
|
| 题名 |
甘肃教育
|
| 作者 |
甘肃教育编辑部
|
| 分册号 |
|
| 分册名 |
|
| 出版地 |
甘肃
|
| 出版者 |
甘肃教育编辑部
|
| 标准刊号 |
|
| 出版频率 |
月刊
|
| 中图法分类 |
G4
|
| 主题词 |
教育
|
| 电子资源 | |
| |
|
| 000 | 00531nas0 2200205 45 | |
| 001 | 0552754062 | |
| 005 | 20070508151418.45 | |
| 010 | @d3.60 | |
| 091 | @aCN62-1024/G4 | |
| 092 | @b54-9 | |
| 100 | @a20051129d km y0chiy0120 ea | |
| 101 | 0 | @achi |
| 200 | 1 | @a甘肃教育@AGan Su Jiao Yu@f甘肃教育编辑部@FGan Su Jiao Yu Bian Ji Bu |
| 210 | @a甘肃@c甘肃教育编辑部 | |
| 326 | @a月刊 | |
| 606 | 0 | @a教育 |
| 690 | @aG4@v4 | |
| 711 | 0 | @a甘肃教育编辑部@AGan Su Jiao Yu Bian Ji Bu |
| 801 | 0 | @aCN@bPFT@c20070508 |
| 905 | @aTJWY@dG4@eGSJY | |
| 甘肃教育/甘肃教育编辑部.-甘肃:甘肃教育编辑部 |
| 3.60 |
| ● |
| 相关链接: |
|
|
|
|